| 000 | 00558nam a2200157 a 4500 | ||
|---|---|---|---|
| 001 | 000042483 | ||
| 005 | 20201002040200.0 | ||
| 008 | 131204s2009 gw 000 0 spa d | ||
| 020 | _a9783421044228 | ||
| 040 |
_aDO-SdBNP _bspa _cBNPHU |
||
| 082 |
_axxxx _bxxxx |
||
| 100 | 1 |
_aUchida, Hyakken, _d1889-1971. _969673 |
|
| 245 | 1 | 0 |
_aAus dem Schattenreich : _bErzählungen ; aus dem Japanischen übersetzt und mit einem Nachwort von Lisette Gebhardt / _cHyakken Uchida. |
| 260 |
_aMünchen, Germany : _bDeutsche Verlags-Anstalt, _c2009. |
||
| 300 |
_a169 p. ; _c21 cm. |
||
| 999 |
_c41972 _d41972 |
||